Invest Chile

Salvato in:
Dettagli Bibliografici
Autore principale: Feijoó, Rosita (Autore)
Natura: Libro
Lingua:inglese
Pubblicazione: Santiago Foreign Investment Committee 2000
Santiago Corfo 2000
Soggetti:
Tags: Aggiungi Tag
Nessun Tag, puoi essere il primo ad aggiungerne!!

MARC

LEADER 00000nam a2200000 a 4500
001 UCM7792
003 CL-VaPUC
008 030110e20000000cl |||||||||||||||||eng|d
082 0 4 |a 338.983  |b FEI  |2 21 
100 0 |a Feijoó, Rosita  |e author  |9 473418 
245 1 0 |a Invest Chile 
300 |a 76 p 
942 |c BK 
945 |d 20030110 00:00:00  |a cmena 
260 |a Santiago  |b Foreign Investment Committee  |c 2000 
260 |a Santiago  |b Corfo  |c 2000 
650 0 |a Desarrollo económico  |9 259599 
650 0 |a Proyectos de inversión   |9 261065 
650 7 |a GESTION GUBERNAMENTAL  |2 CL-VaPUC  |9 466715 
650 7 |a INVERSION EXTRANJERA  |2 CL-VaPUC  |9 345101 
651 7 |a CHILE  |2 CL-VaPUC  |9 473419 
583 |a last modification  |c 20171011 12:07:57  |k Rodrigo Vera 
999 |c 302462  |d 302460 
952 |0 0  |1 0  |4 0  |6 338_983000000000000_FEI_2000_2000  |7 0  |8 A  |9 363046  |a BIBING  |b BIBING  |d 2019-11-21  |i 387611K  |o 338.983 FEI 2000 2000  |p 387611K  |r 2025-01-20  |w 2019-11-21  |y BK  |k EII